Central Library OPAC University of Rajshahi

Plant cells / (Record no. 53290)

MARC details
000 -LEADER
fixed length control field 00960nam a2200301 a 4500
001 - CONTROL NUMBER
control field 53290
003 - CONTROL NUMBER IDENTIFIER
rucl marc code BD-RJUL
005 - DATE AND TIME OF LATEST TRANSACTION
control field 20211209075935.0
008 - FIXED-LENGTH DATA ELEMENTS--GENERAL INFORMATION
fixed length control field 161005s1968 enka b 001 0 eng d
020 ## - INTERNATIONAL STANDARD BOOK NUMBER
International Standard Book Number 0632010703
035 ## - SYSTEM CONTROL NUMBER
System control number BD-RJUL 53410
040 ## - CATALOGING SOURCE
Original cataloging agency DLC
Transcribing agency DLC
Modifying agency m.c
Language of cataloging eng
041 ## - LANGUAGE CODE
Language code of text/sound track or separate title eng
082 ## - DEWEY DECIMAL CLASSIFICATION NUMBER
Classification number 571.6
Edition number 23
Author mark and year CLP 1968
100 1# - MAIN ENTRY--PERSONAL NAME
Personal name Clowes, F. A. L.
Fuller form of name (Frederick Albert Lionel),
Dates associated with a name 1921- .
9 (RLIN) 159290
245 10 - TITLE STATEMENT
Title Plant cells /
Statement of responsibility, etc. [by] F.A.L. Clowes and B.E. Juniper.
260 ## - PUBLICATION, DISTRIBUTION, ETC. (IMPRINT)
Place of publication, distribution, etc. Oxford :
Name of publisher, distributor, etc. Blackwell Scientific,
Date of publication, distribution, etc. 1968.
300 ## - PHYSICAL DESCRIPTION
Pagination xvii, 546 p. :
Illustrations ill. ;
Size 23 cm.
490 1# - SERIES STATEMENT
Series statement Botanical monographs ;
Volume/sequential designation v. 8.
500 ## - GENERAL NOTE
General note Includes index.
504 ## - BIBLIOGRAPHY, ETC. NOTE
Bibliography, etc Bibliography: p. 497-528.
650 #0 - SUBJECT ADDED ENTRY--TOPICAL TERM
Topical term or geographic name as entry element Plant cells and tissues.
9 (RLIN) 159291
Topical term or geographic name as entry element Plantes
General subdivision Cellules et tissus.
9 (RLIN) 159292
700 1# - ADDED ENTRY--PERSONAL NAME
Personal name Juniper, B. E.
Fuller form of name (Barrie Edward)
830 #0 - SERIES ADDED ENTRY--UNIFORM TITLE
Uniform title Botanical monographs ;
Volume number/sequential designation v. 8.
942 ## - ADDED ENTRY ELEMENTS (KOHA)
Source of classification or shelving scheme Dewey Decimal Classification
Koha item type Books
Holdings
Lost status Source of classification or shelving scheme Damaged status Not for loan Collection code Permanent Location Current Location Shelving location Date acquired Source of acquisition Cost, normal purchase price Total Checkouts Full call number Date last seen Copy number Koha item type
  Dewey Decimal Classification     Non-fiction Central Library, University of Rajshahi Central Library, University of Rajshahi   11/06/1975 johanthan wren and co. 6.00   571.6 CLP 1968 05/10/2016 C-2 Books
  Dewey Decimal Classification     Non-fiction Central Library, University of Rajshahi Central Library, University of Rajshahi   11/06/1975 Johanthan wren and co. 6.00   571.6 CLP 1968 26/10/2016 C-3 Books
  Dewey Decimal Classification   Not For Loan Non-fiction Central Library, University of Rajshahi Central Library, University of Rajshahi Reading Room 11/06/1975 Jonathan Wren & Co. 6.00   571.6 CLP 1968 22/05/2017 C-1 Books
  Dewey Decimal Classification     Non-fiction Central Library, University of Rajshahi Central Library, University of Rajshahi   11/06/1975 Jonathan Wren & Co. 6.00   571.6 CLP 1968 23/05/2017 C-4 Books
  Dewey Decimal Classification     Non-fiction Central Library, University of Rajshahi Central Library, University of Rajshahi   11/06/1975 Jonathan Wren & Co 6.00   571.6 CLP 1968 24/05/2017 C-5 Books
  Dewey Decimal Classification     Non-fiction Central Library, University of Rajshahi Central Library, University of Rajshahi   11/06/1975 Janathan ware & co. 6.00   571.6 CLP 1968 22/12/2018 C-6 Books
  Dewey Decimal Classification     Non-fiction Central Library, University of Rajshahi Central Library, University of Rajshahi   31/10/1970 Sweets & Zeitlinger 120.00   571.6 CLP 1968 07/01/2019 C-7 Books